000
00302nam a2200133Ia 4500
005
20251222144806.0
008
251222s9999||||xx |||||||||||||| ||spa||
020
_a
85-7302-7940
082
_a
868.97/J12
100
_a
Jabor, Arnaldo
245
0
_a
Porno PolĂtica:
264
_b
Objetiva
942
_c
LIB
999
_c
19927
_d
19927